000 00459nam a2200133Ia 4500
008 100328s9999 xx 000 0 und d
082 _b53475
100 _aटिळक अशोक देवदत्त
245 _aटिळकांची कविता भाग 4
260 _bव्हिनस
630 _aटिळकांची कविता भाग 4
730 _aटिळकांची कविता भाग 4
942 _cBOOK
999 _c540222
_d540219